000 00672nam1a2200241 i 4500
001 RU\NLR\BIBL_A\011755597
005 20240902201923.0
035 _a(NLR Aleph) 011755597
090 _a11650354
_c11650354
100 _a20180710g2018 um y0rusy50 ca
101 0 _arus
102 _aRU
105 _a||||z||||||||
200 1 _aМозаики прошлого
_eроман
_fОлег Панус
210 _aМосква
_cСпутник+
_d2018
215 _d22
686 2 _aШ6(2=Р)8-442
700 1 _aПанус
_bО. Ю.
_gОлег Юрьевич
852 _aNLR
_j2018-3/18422
942 _cBOOK